00370nam a2200145Ia 4500003000400000005001700004008004100021040000700062041000800069082001900077100001600096245005300112260005100165365000800216OSt20230628142452.0210423s9999 xx 000 0 und d cAL aeng a370 223bNAIM aNAIK (J P). aMain recommendation of the education commission. bNational Council Of Educationc2002aNew Delhi cINR